| 000 | 00659nam a2200193Ia 4500 | ||
|---|---|---|---|
| 005 | 20240530104022.0 | ||
| 008 | 140319s1996 xx 000 0 ara d | ||
| 040 |
_aGCL / _cGCL |
||
| 082 | 0 | 4 |
_a658.15 / _bم ص |
| 100 | 1 | _aمحمود صبح | |
| 245 | 1 | 0 |
_aالصحة المالية : _bكيف تجرى فحصا ماليا شاملا لشركتك / _cمحمود صبح |
| 260 |
_aالقاهرة : _bالمؤلف، _c1996 |
||
| 300 |
_a136ص ؛ _c24 سم |
||
| 650 | 0 | 4 | _aالسياسة المالية |
| 650 | 0 | 4 | _aالادارة المالية |
| 650 | 0 | 4 | _aالمالية العامة |
| 942 |
_2ddc _cBK |
||
| 999 |
_c44139 _d44139 |
||